000 00577nam a2200229Ia 4500
003 OSt
005 20220923230809.0
006 a|||||r|||| 00| 0
007 ta
008 Pun
024 _a305,597
037 _cTextual
040 _aARTS
_cARTS
_bPun
041 _2Pun
_aPun
082 _aQ8441:33:g, 153L6
100 _aਜਗਜੀਤ ਸਿੰਘ
245 0 _aਪੁਰਾਤਨ ਜਨਮ ਸਾਖੀ
260 _c1976
650 _aਧਰਮ
942 _hQ8441:33:g, 153L6
_cTEXL
_2CC
999 _c387389
_d387389